| 000 | 00848cam a22002771 4500 | ||
|---|---|---|---|
| 001 | 29739 | ||
| 003 | BD-RjUL | ||
| 005 | 20211209051443.0 | ||
| 008 | 140407s1951 enk 001 0 eng d | ||
| 035 | _a(BD-RjUL)29824 | ||
| 035 | _a(OCoLC)1231284 | ||
| 040 |
_aDLC _cOClU _dUk _dDLC _dBD-RjUL _beng |
||
| 041 | _aeng | ||
| 082 | 0 | 0 |
_a151.2 _bSPH 1951 |
| 100 | 1 |
_aSpearman, C. _q(Charles), _d1863-1945. _990553 |
|
| 245 | 1 | 0 |
_aHuman ability : _ba continuation of "The abilities of man" / _cBy C. Spearman and Ll. Wynn Jones. |
| 260 |
_aLondon : _bMacmillan, _c1951. |
||
| 300 |
_avii, 198 p. : _bdiagrs. ; _c22 cm. |
||
| 504 | _aBibliographical footnotes. and Index | ||
| 650 | 0 |
_aPsychophysiology. _990554 |
|
| 650 | 0 |
_aAbility. _990555 |
|
| 700 | 1 |
_aJones, Wynn LL _990556 |
|
| 942 |
_2ddc _cBK |
||
| 999 |
_c29739 _d29739 |
||